00403nam a2200133 a 450000500170000000800410001702000180005805000180007624500610009426000590015530000230021444000210023765000110025820140412111321.0010323s19uu xx 00 eng d a81-243-0295-2 aERbNu93 1994 aNursery rhymes :brhymes and songs of joy for tiny tots. aBombay :bNavneet Publications (India) Limited,c1994. a1 v. (unp.) ; ill. aVikas Board Book aRhymes